Abeceda obchodu

Opatrenia na získanie exportných trhov.

Gespeichert in:
Bibliographische Detailangaben
Format: Buchkapitel
Sprache:Tschechisch
Schlagworte:
Tags: Tag hinzufügen
Keine Tags, Fügen Sie das erste Tag hinzu!

MARC

LEADER 00000naa$a2200000$$$4500
001 0002065
005 20230908091403.0
041 0 |a cze 
044 |a CZ 
245 1 0 |a Abeceda obchodu 
520 |a Opatrenia na získanie exportných trhov. 
610 2 0 |a obchod medzinárodný 
610 2 0 |a siete obchodné 
610 2 0 |a sprostredkovatelia 
610 2 0 |a partneri obchodní